000 00432cam a22001457a 4500
008 180718b1976 xxu||||| |||| 00| 0 eng d
020 _a0 7100 8483 8
082 _aO91053 G427
100 _aGilpin, Alan
245 _aDictionary of environmental terms
_cby Alan Gilpin
260 _aLondon
_bRoutletge & Kegan Paul
_c1976
300 _a191p
650 _aEnvironmental protection -Dictionaries.
650 _aPollution -Dictionaries
999 _c410303
_d410303